| 000 | 00610nam a2200241Ia 4500 | ||
|---|---|---|---|
| 008 | 160901s9999 xx 000 0 und d | ||
| 020 | _a978-0-7356-2302-6 | ||
| 050 | _aComSc Z 52.5 | ||
| 050 | _b.M523C69 2007 | ||
| 100 | _aCox, Joyce. | ||
| 245 | _aMicrosoft Office Word 2007 : | ||
| 245 | _bstep by step / | ||
| 245 | _cJoyce Cox, Joan Preppernau. | ||
| 260 | _aWashington : | ||
| 260 | _bMicrosoft Press, | ||
| 260 | _c2007 | ||
| 300 | _a381 pages : | ||
| 300 | _bcol. ill. ; | ||
| 300 | _c23 cm. | ||
| 500 | _aIncludes index. | ||
| 650 | _aMicrosoft Word. | ||
| 650 | _xWord processing. | ||
| 999 |
_c300927 _d300927 |
||